[Event "GER-ch Seniors 22nd"]
[Site "Berlin"]
[Date "2010.08.22"]
[Round "7"]
[White "Plischke, Berthold"]
[Black "Schlag, Franz"]
[Result "1-0"]
[WhiteElo "1755"]
[BlackElo "1919"]
[PlyCount "73"]
[EventDate "2010.08.16"]
[EventType "swiss"]
[EventRounds "9"]
[EventCountry "GER"]
[SourceTitle "CBM 138 Extra"]
[Source "ChessBase"]
[SourceDate "2010.10.29"]
[SourceVersion "1"]
[SourceVersionDate "2010.10.29"]
[SourceQuality "1"]

1. e4 Nc6 2. Nf3 f5 3. exf5 d5 4. Bb5 Bxf5 5. Nd4 Qd7 6. Qf3 Be4 7. Qc3 a6 8. Bxc6 bxc6 9. 0-0 e5 10. Qxc6 Rb8 11. Qe6+ Qxe6 12. Nxe6 Kd7 13. d3 Bg6 14. Nxf8+ Rxf8 15. Nc3 Nf6 16. Bg5 c6 17. Rae1 Re8 18. Na4 Kd6 19. f4 e4 20. f5 Bf7 21. Bf4+ Kd7 22. Nc5+ Kc8 23. Nxa6 exd3 24. cxd3 d4 25. a3 Bb3 26. Be5 Rd8 27. Nc5 Bf7 28. a4 Rd5 29. Ne6 Re8 30. Bxd4 Bxe6 31. Bxf6 gxf6 32. Rxe6 Rxe6 33. fxe6 f5 34. g4 fxg4 35. Rf8+ Rd8 36. Rxd8+ Kxd8 37. Kg2 1-0

[Event "GER-ch Seniors 22nd"]
[Site "Berlin"]
[Date "2010.08.18"]
[Round "3"]
[White "Plischke, Berthold"]
[Black "Burstein, Garri"]
[Result "1-0"]
[WhiteElo "1755"]
[BlackElo "2006"]
[PlyCount "62"]
[EventDate "2010.08.16"]
[EventType "swiss"]
[EventRounds "9"]
[EventCountry "GER"]
[SourceTitle "CBM 138 Extra"]
[Source "ChessBase"]
[SourceDate "2010.10.29"]
[SourceVersion "1"]
[SourceVersionDate "2010.10.29"]
[SourceQuality "1"]

1. e4 c5 2. Nf3 d6 3. d4 cxd4 4. Nxd4 Nf6 5. Nc3 a6 6. Be3 e5 7. Nb3 Be6 8. Qd3 Nbd7 9. 0-0-0 Qc7 10. f3 Nb6 11. Qd2 Be7 12. g4 Nfd7 13. Qf2 Nc5 14. Kb1 0-0 15. Be2 Nca4 16. Nxa4 Nxa4 17. Rd2 Nc5 18. h4 a5 19. Rhd1 a4 20. Nc1 a3 21. b3 Rfb8 22. c4 Ra6 23. Bf1 Rc8 24. Ne2 Qa5 25. Rc2 Rac6 26. Nc3 Na6 27. Nd5 Bf8 28. Bb6 Rxb6 29. Qxb6 Qxb6 30. Nxb6 Rc6 31. Nd5 Bxd5 1-0

[Event "GER-ch Seniors 22nd"]
[Site "Berlin"]
[Date "2010.08.17"]
[Round "2"]
[White "Tobi, Kurt"]
[Black "Plischke, Berthold"]
[Result "0-1"]
[WhiteElo "1543"]
[BlackElo "1755"]
[PlyCount "130"]
[EventDate "2010.08.16"]
[EventType "swiss"]
[EventRounds "9"]
[EventCountry "GER"]
[SourceTitle "CBM 138 Extra"]
[Source "ChessBase"]
[SourceDate "2010.10.29"]
[SourceVersion "1"]
[SourceVersionDate "2010.10.29"]
[SourceQuality "1"]

1. e4 e6 2. d4 d5 3. exd5 exd5 4. Nf3 Nc6 5. c3 Bd6 6. Be3 Nge7 7. Bd3 Bg4 8. h3 Bh5 9. Nbd2 Qd7 10. g4 Bg6 11. Qc2 h5 12. g5 Nf5 13. 0-0-0 0-0-0 14. Nf1 Rde8 15. Bd2 Kb8 16. Ne3 Nxe3 17. Bxe3 Bxd3 18. Qxd3 Re4 19. h4 Rhe8 20. Rdg1 g6 21. Nd2 Rg4 22. Qf1 Rxg1 23. Qxg1 Na5 24. Qg2 Qb5 25. Qf1 Qa4 26. Kb1 b5 27. Qd1 Qxd1+ 28. Rxd1 Nc4 29. Nxc4 bxc4 30. Rh1 Re4 31. Kc2 Kc8 32. Kd2 Rg4 33. Ke2 Kd7 34. Kf3 a5 35. b3 Kc6 36. bxc4 dxc4 37. a4 Kd5 38. Ke2 Ba3 39. Kf3 Re4 40. Bd2 c6 41. Rh3 Bd6 42. Rh1 Rg4 43. Ke2 Ke6 44. Kf3 Kf5 45. Be3 Bc7 46. Ke2 Bd8 47. Rh3 f6 48. Bd2 fxg5 49. hxg5 Bxg5 50. Bxg5 Rxg5 51. Re3 h4 52. Kf1 Rh5 53. Kg2 h3+ 54. Kh2 g5 55. Re5+ Kf4 56. Rxa5 Kf3 57. Rc5 Kxf2 58. Rxc6 g4 59. Rf6+ Ke3 60. Rg6 Kd3 61. Rxg4 Kxc3 62. a5 Rxa5 63. Kxh3 Kb2 64. Rg2+ Kb3 65. Kg4 c3 0-1